000 00810nam a22002657a 4500
001 7683
003 FISKH
005 20250731090314.0
008 250731b cb ||||| |||| 00| 0 eng d
020 _a9780516060156
040 _aFISKH
_beng
_cFISKH
_dFISKH
050 _aSF445 .F68
082 _a636.8
100 _aFowler, Allan
245 _aIt could still be a cat :
_bRookie read-about science /
_cby Allan Fowler
260 _aChigago :
_bChildren's Press,
_c1993.
300 _a31 pages :
_bcolor illustrations ;
_c19 cm
505 _aL
520 _aDescribes the physical characteristics and behavior of cats and examines some different kinds.
521 8 _a520
_bLexile estimate
521 8 _aL
_bRaz-Plus
650 _aCat
_vScience
942 _2ddc
_cBK
_n0
999 _c7683
_d7683